000 00489nam a22001937a 4500
005 20151109144237.0
008 151105b xxu||||| |||| 00| 0 eng d
020 _a9781444767766
_c299
040 _aLoreto College
041 _aEnglish
082 _aF
_bGRI
100 _aGrisham,John
245 _aTheodore Boone:The fugitive
_cJohn Grisham
260 _aLondon
_bHodder & Stoughton
_c2015
300 _a250p
_b16cm
650 _aFiction in English
850 _aLCLIB
942 _cBK
999 _c40135
_d90614